| 000 | 00571nam a2200181 4500 | ||
|---|---|---|---|
| 008 | 160404b xxu||||| |||| 00| 0 eng d | ||
| 020 | _a9788126157648 | ||
| 082 |
_22014 _aDC 658.7 _bSw97 |
||
| 100 |
_94737 _aSwaroop, Pawan |
||
| 245 |
_aLogistics management/ _cPawan Swaroop. |
||
| 250 | _aFirst Edition | ||
| 260 |
_aNew Delhi: _bAnmol Publications Pvt. Ltd., _cc2014. |
||
| 300 |
_avii, 296 pages; _c24 cm. |
||
| 500 | _aIncludes bibliographical references and index. | ||
| 650 | 0 |
_94738 _aBusiness Logistics _xManagement |
|
| 365 |
_b3, 273.00 _cPhp |
||
| 942 |
_2ddc _cDC |
||
| 999 |
_c1532 _d1532 |
||